Minecraft Mobs 1.26 - Statistics

General Stats
  • This quiz has been taken 35 times
    30 since last reset
  • The average score is 65 of 99
Answer Stats
Type Spawn Mob % Correct
Boss End Ender Dragon
100%
Passive/Teamable Overworld Horse
100%
Passive/Rideable Overworld Pig
100%
Passive Overworld Villager
100%
Hostile Overworld Zombie
100%
Passive/Teamable Overworld Cat
94%
Passive Overworld Chicken
94%
Passive Overworld Cow
94%
Neutral End Enderman
94%
Neutral Overworld Spider
94%
Boss Ritual Wither
94%
Neutral/Teamable Overworld Wolf
94%
Hostile Overworld Creeper
88%
Passive/Teamable Overworld Donkey
88%
Golem Ritual/Overworld Iron Golem
88%
Neutral Overworld Llama
88%
Passive/Teamable Overworld Mule
88%
Neutral Nether Piglin
88%
Passive Overworld Sheep
88%
Hostile Overworld Skeleton
88%
Passive/Rideable Nether Strider
88%
Passive Overworld Turtle
88%
Passive Overworld Wandering Trader
88%
Hostile Nether Wither skeleton
88%
Neutral Overworld Drowned
82%
Hostile Overworld Drowned
82%
Hostile Overworld Evoker
82%
Hostile Nether Hoglin
82%
Hostile Nether Magma Cube
82%
Hostile Overworld Slime
82%
Golem Ritual Snow Golem
82%
Hostile Overworld Warden
82%
Hostile Overworld Zombie Villager
82%
Passive Overworld Allay
76%
Hostile Nether Blaze
76%
Neutral Overworld Cave Spider
76%
Passive Overworld Cod
76%
Passive Overworld Frog
76%
Hostile Nether Ghast
76%
Passive Overworld Ocelot
76%
Hostile Overworld Pillager
76%
Neutral Overworld Pufferfish
76%
Passive Overworld Salmon
76%
Hostile End Shulker
76%
Hostile Overworld Silverfish
76%
Passive Overworld Skeleton Horse
76%
Hostile Overworld Witch
76%
Hostile Team Overworld Chicken Jockey
71%
Neutral Overworld Dolphin
71%
Hostile Anywhere Endermite
71%
Hostile Nether Piglin brute
71%
Passive Overworld Rabbit
71%
Passive Overworld Tropical Fish
71%
Hostile Nether Zoglin
71%
Passive/Teamable Overworld Zombie horse
71%
Neutral Overworld Bee
65%
Hostile Overworld Elder Guardian
65%
Passive Overworld Glow Squid
65%
Hostile Overworld Guardian
65%
Hostile Overworld Husk
65%
Neutral Overworld Polar Bear
65%
Passive Overworld Squid
65%
Hostile Overworld Vindicator
65%
Neutral Nether Zombified Piglin
65%
Passive Overworld Bat
59%
Hostile Overworld Bogged
59%
Passive/Teamable Overworld Camel
59%
Passive Nether Happy Ghast
59%
Neutral Overworld Panda
59%
Passive/Teamable Overworld Parrot
59%
Hostile Overworld Phantom
59%
Passive Overworld Sniffer
59%
Hostile Team Overworld Spider Jockey
59%
Passive Overworld Tadpole
59%
Neutral Overworld Trader Lllama
59%
Hostile Overworld Vex
59%
Passive Overworld Axolotl
53%
Neutral Overworld Fox
53%
Neutral Overworld Goat
53%
Neutral/Teamable Overworld Nautilus
53%
Hostile Overworld Ravager
53%
Hostile Overworld Stray
53%
Passive Overworld Armadillo
47%
Hostile Overworld Breeze
47%
Passive Overworld Mooshroom
41%
Hostile Overworld Parched
29%
Hostile Team Overworld Skeleton horseman
29%
Neutral Overworld Creaking
24%
Hostile Team Overworld Zombie horseman
24%
Hostile Overworld Charged Creeper
18%
Hostile Team Nether Hoglin Jockey
12%
Hostile Team Nether Strider Jockey
12%
Neutral/Teamable Overworld Zombified Nautilus
12%
Passive/Teamable Overworld Husk Camel
6%
Golem Ritual Cooper Golem
0%
Hostile Team Overworld Husk Camel Jockey
0%
Hostile Team Overworld Ravager Jockey
0%
Passive Overworld Sulfure Cube
0%
Hostile Team Overworld Zombified Nautilus Jockey
0%
No matching quizzes found
Score Distribution
Percent of People with Each Score
Percentile by Number Answered
Your Score History
You have not taken this quiz since the last reset